Mister cuervo /
Guardado en:
| Autor Principal: | |
|---|---|
| Otros Autores: | |
| Formato: | Libro |
| Publicado: |
Córdoba [argentina] :
de la Magnolia,
2013
|
| Materias: | |
| Etiquetas: |
Agregar Etiqueta
Sin Etiquetas, Sea el primero en etiquetar este registro!
|
| LEADER | 00920nam a22002655a 4500 | ||
|---|---|---|---|
| 001 | CEM.cems015559 | ||
| 008 | 130507s2013##################000#0#####d | ||
| 005 | 20250326140601.0 | ||
| 245 | 1 | 0 | |a Mister cuervo / |c Luísa Morandeira ; ilustrado Por Maurizio A. C. Quarello |
| 260 | |a Córdoba [argentina] : |b de la Magnolia, |c 2013 | ||
| 300 | |a 36 p. | ||
| 500 | |a En base al cuento tradicional turco | ||
| 020 | |a 9789871823130 | ||
| 100 | 1 | |a Morandeira, Luísa | |
| 700 | 1 | |a Quarello, Maurizaio A. C.; il. | |
| 082 | 0 | 4 | |a 853.9 |
| 653 | |a Literatura | ||
| 653 | |a Literatura italiana | ||
| 653 | |a Literatura turca | ||
| 653 | |a Cuentos tradicionales | ||
| 653 | |a Literatura infantil | ||
| 653 | |a Cuentos infantiles | ||
| 653 | |a Colección ciencias de la educación | ||
| 859 | |a CEMS |b BIB. CEMS - Inicial y Primaria |h 853.9 |i M794 |k IP |p 3968 |t Ej.1 | ||
| 859 | |a CEMS |b BIB. CEMS - Ccias. Educacion |h 853.9 |i M794 |k CE |p 28822.19 |t Ej.1 | ||
